000
00278cam a2200121ua 4500
082
_a
824
_b
KRI/ON
100
_a
Krishnamurthy, S .
_9
1645
245
_a
On the Heights /
250
_a
1 /
260
_a
Chennai :
_b
Orient-Longman Ltd ,
_c
1971.
300
_a
144 ; .
942
_c
BK
999
_c
6931
_d
6931